पूर्ण सेतु की ओर..../ (Record no. 63802)
[ view plain ]
| 000 -LEADER | |
|---|---|
| fixed length control field | 00769nam a22001817a 4500 |
| 005 - DATE AND TIME OF LATEST TRANSACTION | |
| control field | 2012030607287.0 |
| 020 ## - INTERNATIONAL STANDARD BOOK NUMBER | |
| Terms of availability | 200.00 |
| International Standard Book Number | 8126707046 |
| 035 ## - SYSTEM CONTROL NUMBER | |
| System control number | B-116304 |
| 037 ## - SOURCE OF ACQUISITION | |
| Source of stock number/acquisition | |
| Stock number | dpl |
| 082 ## - DEWEY DECIMAL CLASSIFICATION NUMBER | |
| Classification number | 291 |
| 100 ## - MAIN ENTRY--PERSONAL NAME | |
| Personal name | इम्मानुएल, डॉमिनिक |
| 245 1# - TITLE STATEMENT | |
| Title | पूर्ण सेतु की ओर..../ |
| Statement of responsibility, etc | डॉमिनिक इम्मानुएल |
| 260 ## - PUBLICATION, DISTRIBUTION, ETC. (IMPRINT) | |
| Place of publication, distribution, etc | नई दिल्ली |
| Name of publisher, distributor, etc | राजकमल प्रकाशन |
| Date of publication, distribution, etc | 2003 |
| 270 ## - ADDRESS | |
| Address | |
| City | |
| Postal code | |
| Telephone number | |
| 300 ## - PHYSICAL DESCRIPTION | |
| Extent | 200पृ. |
| Dimensions | 22सेमी (सजिल्द) |
| 942 ## - ADDED ENTRY ELEMENTS (KOHA) | |
| Institution code [OBSOLETE] | dpl |
| Item type | Hindi Books |
| Call number prefix | |
| Source of classification or shelving scheme | Dewey Decimal Classification |
| Classification part | 291 |
| Call number suffix | इस्मानु |
| Withdrawn status | Lost status | Not for loan | Collection code | Home library | Current library | Date acquired | Cost, normal purchase price | Full call number | Barcode | Cost, replacement price | Koha item type | Public note |
|---|---|---|---|---|---|---|---|---|---|---|---|---|
| Non-fiction | Sarojini Nagar | Sarojini Nagar | 06/03/2012 | 200.00 | 291 इस्मानु | B-116304 | 200.00 | Hindi Books | Withdrawn List Prepared L.No.30/09 |
